000 00635nam a22002177a 4500
003 UA-OsUOA
001 58405
007 ta
008 20090210b un ||||| |||| 00| 0 ukr d
100 _aМіщишин М.
090 _a330(477)
_bМ71
942 _cSA
040 _aUA-OsUOA
_bukr
_cUA-OsUOA
_dUA-OsUOA
245 _aСила цифр. Яку ціну може заплатити економіка країни, якщо бюджет не буде реалістични...
300 _aС.5
955 _a0
041 _aukr
080 _a330(477)
773 0 _w58403
650 7 _a330 Економіка взагалі
_2UDC
999 _c344487
_d344487